00205nam a22000977a 4500020001800000082001700018100002200035245001600057260002500073300000900098 a0-600-33606-9 a745.92 STE'P aSTEVENSON, VIOLAT aFLOWERCRAFT aLONDONbHAMLYNc1977 a188P